000 00470nam a2200157 i 4500
001 162088
003 ES-MaACL
005 20230906212426.0
008 991110s1881 fr |||| | fre d
040 _aM-RAJU
_bspa
_cM-RAJU
_dCCPB | B
100 1 _aPicot, Georges.
_9131133
245 1 3 _aLa réforme judiciaire en France /
_cpar Georges Picot.
260 _aParis :
_bHachette et Cie,
_c1881.
300 _a464 p. ;
_c18 cm.
852 _aES-MaACL
_jF-5840
_z-- Rúst.
999 _c162088
_d162088